01132cam a22003375a 4500001001000000003000400010005001700014008004100031015001900072016001800091020002500109020002200134040004000156082002000196100001900216245008000235250001200315260005200327300003500379500002500414504005100439541002500490650002300515651001000538653002900548690004400577700002600621942000800647999001700655952012200672013823503OSt20180611111123.0070816s2008 enka frb 001 0 eng d aGBA7660132bnb7 a0138235032Uk a9780273712756 (pbk.) a0273712756 (pbk.) aStDuBDSbengcStDuBDSdUkdEG-ScBUE04a658.15bATR2221 aAtrill, Peter.10aFinancial accounting for decision makers /cPeter Atrill and Eddie McLaney. a5th ed. aHarlow :bFinancial Times Prentice Hall,c2008. axxii, 461 p. :bill. ;c27 cm. aPrevious ed. : 2005. aIncludes bibliographical references and index. aDr. Mahitab Shahin ; 7aAccounting.2BUEsh 2BUEsh bBUSECObBUSADMcJune20187 aManagement and Business Studies2blcoll1 aMcLaney, E. J.934899 2ddc c26787d26759 00102ddc40708Donation-GaMAINbMAINc1STd2018-06-11eDonationl0o658.15 ATRp000043438r2025-07-15 00:00:00yBB